| 000 | 00397nam a2200181Ia 4500 | ||
|---|---|---|---|
| 001 | 7798 | ||
| 005 | 20250626025527.0 | ||
| 008 | 211022s9999 xx 000 0 und d | ||
| 020 | _a0071412063 | ||
| 082 | _a398.20935 MCC | ||
| 100 | _aMcCall, Henrietta | ||
| 245 | 0 | _aMesopotamian Myths | |
| 260 | _aLondon | ||
| 260 | _bBritish Museum Press | ||
| 260 | _c1905 | ||
| 300 | _a80 | ||
| 942 | _cBK | ||
| 999 |
_c4551 _d4551 |
||